书目信息 |
| 题名: |
雅思听力8分解决方案
|
|
| 作者: | 陈婷婷 编著 | |
| 分册: | ||
| 出版信息: | 天津 天津大学出版社 2004.03 |
|
| 页数: | 132页 | |
| 开本: | 26cm | |
| 丛书名: | ||
| 单 册: | ||
| 中图分类: | H319.9 | |
| 科图分类: | ||
| 主题词: | 英语 | |
| 电子资源: | ||
| ISBN: | 7-5618-1911-0 | |
| 000 | 00568nam0 2200193 45 | |
| 001 | 0458114694 | |
| 005 | 2004091316083441 | |
| 010 | @a7-5618-1911-0@dCNY 39.80 | |
| 100 | @a20040913d2004 km y0chiy0120 ea | |
| 101 | 0 | @achi |
| 102 | @aCN@b120000 | |
| 200 | 1 | @a雅思听力8分解决方案@AYa Si Ting Li 8 Fen Jie Jue Fang An@f陈婷婷编著@FChen Ting Ting Bian Zhu |
| 210 | @a天津@c天津大学出版社@d2004.03 | |
| 215 | @a132页@d26cm | |
| 606 | 0 | @a英语 |
| 690 | @aH319.9@v3 | |
| 701 | 0 | @a陈婷婷@AChen Ting Ting@4编著 |
| 801 | 0 | @aCN@bPFT@c20040913 |
| 905 | @a安徽大学@dH319.9@eC576 | |
| 雅思听力8分解决方案/陈婷婷编著.-天津:天津大学出版社,2004.03 |
| 132页;26cm |
| ISBN 7-5618-1911-0:CNY 39.80 |
| ● |
| 相关链接 |
|
|
|
正题名:雅思听力8分解决方案
索取号:H319.9/C576
 
预约/预借
| 序号 | 登录号 | 条形码 | 馆藏地/架位号 | 状态 | 备注 |
| 1 | 393039 | 203930390 | 语言库209/209语言库 58排7列5层/ [索取号:H319.9/C576] | 在馆 | |
| 2 | 393040 | 203930407 | 语言库209/209语言库 58排7列5层/ [索取号:H319.9/C576] | 在馆 |